Top 10 Tottenham Hotspur Starting XI - Statistics

General Stats
  • This quiz has been taken 3,366 times
    1,562 since last reset
  • The average score is 36 of 55
Answer Stats
Team Player % Correct
2015-16, 2016-17, 2017-18, 2018-19, 2021-22 Harry Kane
99%
2012-13, 2013-14, 2015-16, 2016-17, 2017-18, 2018-19, 2021-22 Hugo Lloris
99%
2016-17, 2017-18, 2018-19, 2021-22, 2023-24 Son Heung-min
99%
2013-14, 2015-16, 2016-17, 2017-18, 2018-19 Christian Eriksen
94%
2012-13, 2013-14, 2015-16, 2016-17, 2017-18, 2018-19 Jan Vertonghen
93%
2011-12, 2012-13 Gareth Bale
90%
2021-22, 2023-24 Cristian Romero
88%
2015-16, 2016-17, 2018-19 Toby Alderweireld
87%
2011-12, 2012-13, 2013-14, 2015-16, 2016-17 Kyle Walker
84%
2023-24 Micky van de Ven
83%
2023-24 Dejan Kulusevski
82%
2023-24 Guglielmo Vicario
82%
2012-13, 2013-14, 2015-16, 2017-18 Mousa Dembélé
82%
2017-18, 2021-22 Ben Davies
81%
2018-19, 2021-22 Lucas Moura
81%
2015-16, 2016-17, 2017-18, 2018-19 Dele Alli
80%
2023-24 Pedro Porro
80%
2017-18 Davinson Sánchez
79%
2009-10, 2011-12 Luka Modrić
79%
2015-16, 2016-17, 2017-18, 2021-22 Eric Dier
78%
2021-22 Rodrigo Bentancur
78%
2013-14, 2015-16, 2016-17, 2018-19 Danny Rose
77%
2016-17 Victor Wanyama
77%
2011-12, 2013-14 Emmanuel Adebayor
76%
2023-24 Destiny Udogie
74%
2023-24 Brennan Johnson
73%
2017-18, 2018-19 Kieran Trippier
73%
2023-24 James Maddison
72%
2023-24 Pape Matar Sarr
72%
2021-22 Pierre Højbjerg
71%
2021-22 Emerson
69%
2023-24 Yves Bissouma
69%
2018-19 Moussa Sissoko
66%
2015-16 Érik Lamela
64%
2012-13 Clint Dempsey
62%
2009-10, 2012-13 Jermain Defoe
61%
2021-22 Sergio Reguilón
60%
2009-10 Peter Crouch
50%
2011-12 Rafael van der Vaart
48%
2011-12 Brad Friedel
47%
2009-10 Heurelho Gomes
47%
2013-14 Roberto Soldado
47%
2009-10, 2011-12 Benoît Assou-Ekotto
45%
2011-12 Ledley King
42%
2013-14 Paulinho
42%
2009-10, 2011-12, 2012-13, 2013-14 Aaron Lennon
41%
2009-10 Vedran Ćorluka
37%
2009-10, 2012-13, 2013-14 Michael Dawson
34%
2012-13 Sandro
32%
2009-10 Wilson Palacios
29%
2011-12 Younès Kaboul
28%
2011-12 Scott Parker
26%
2012-13 Steven Caulker
24%
2009-10 Tom Huddlestone
23%
2009-10 Sébastien Bassong
22%
No matching quizzes found
Score Distribution
Percent of People with Each Score
Percentile by Number Answered
Your Score History
You have not taken this quiz since the last reset